| 000 | 01085 a2200253 4500 | ||
|---|---|---|---|
| 001 | 45013 | ||
| 020 | _a9788532271969 | ||
| 041 | _apor | ||
| 082 | _aYear 4 028 | ||
| 100 | _aPrieto, Heloisa. | ||
| 250 | _a1. Ed. | ||
| 520 | _aConheça a história de Rosa, uma linda princesa que adorava cantar pelos jardins do palácio em que vivia ao lado de seus pais, o rei Tancredo e a rainha Serena. Só que, embora fosse muito meiga e inteligente, Rosa se recusava a aprender a ler. Seus pais tentavam de tudo, mas não tinha jeito: a garota não queria saber de livros! Mas o passeio com seu gato Chiado e o encontro com a bruxa Serpentina fazem Rosa mudar de ideia | ||
| 521 | _aYear 4 | ||
| 697 | _aContos de fadas. | ||
| 697 | _aLiteratura infantojuvenil. | ||
| 856 | _u000025/00002585.jpg | ||
| 040 |
_aBR-BrIDEA _cBR-BrIDEA |
||
| 090 |
_aYear 4 028 _bPRI |
||
| 245 | 1 | 0 |
_aA princesa que não queria aprender a ler _c Heloisa Prieto |
| 260 |
_aSão Paulo _bFTD _c2009 |
||
| 300 |
_a37 p. _e23.6 x 21.2 x 0.4 cm |
||
| 700 |
_aTokitaka, Janaina _d1986 _eilustrador |
||
| 942 | _cBK | ||
| 999 |
_c45013 _d45013 |
||